Social work : a very short introduction (Record no. 20328)

MARC details
000 -LEADER
fixed length control field 00534nam a2200193 a 4500
001 - CONTROL NUMBER
control field 158063
003 - CONTROL NUMBER IDENTIFIER
control field OSt
005 - DATE AND TIME OF LATEST TRANSACTION
control field 20211124152012.0
008 - FIXED-LENGTH DATA ELEMENTS--GENERAL INFORMATION
fixed length control field 200703 ### ENG
020 ## - INTERNATIONAL STANDARD BOOK NUMBER
International Standard Book Number 9780198708452
082 ## - DEWEY DECIMAL CLASSIFICATION NUMBER
Classification number 361.4
Item number H71S
100 ## - MAIN ENTRY--PERSONAL NAME
Personal name Holland, Sally
245 ## - TITLE STATEMENT
Title Social work : a very short introduction
Statement of responsibility, etc by Sally Holland and Jonathan Scourfield
260 ## - PUBLICATION, DISTRIBUTION, ETC. (IMPRINT)
Place of publication, distribution, etc Oxford
Name of publisher, distributor, etc Oxford University Press
Date of publication, distribution, etc 2015
300 ## - PHYSICAL DESCRIPTION
Extent xiii, 121p.
690 ## - LOCAL SUBJECT ADDED ENTRY--TOPICAL TERM (OCLC, RLIN)
Topical term or geographic name as entry element Social service
700 ## - ADDED ENTRY--PERSONAL NAME
Personal name Scourfield, Jonathan
942 ## - ADDED ENTRY ELEMENTS (KOHA)
Source of classification or shelving scheme Dewey Decimal Classification
Koha item type Books
Holdings
Withdrawn status Lost status Damaged status Not for loan Collection code Home library Current library Date acquired Source of acquisition Total Checkouts Full call number Barcode Checked out Date last seen Date checked out Price effective from Koha item type
        General Text Book Central University Of Rajasthan Central University Of Rajasthan 03/07/2020 SCW 3 361.4 H71S 32919 07/04/2026 06/02/2026 06/02/2026 02/09/2020 Books
        General Text Book Central University Of Rajasthan Central University Of Rajasthan 08/07/2020 SCW 1 361.4 H71S 32918   29/01/2021 22/01/2021 02/09/2020 Books
        General Text Book Central University Of Rajasthan Central University Of Rajasthan 03/07/2020 SCW 1 361.4 H71S 32917   16/04/2025 01/04/2025 02/09/2020 Books